000 00461nam a2200181Ia 4500
008 090124s9999 xx 000 0 und d
082 _b22670
100 _aकदम बाबा
245 _a भालू
250 _a0
260 _bरंजन पब्लिकेशन्स
300 _a226
600 _aकदम बाबा
630 _a भालू
700 _aकदम बाबा
730 _a भालू
942 _cBOOK
999 _c107147
_d107147